Online katalóg knižníc regiónu Turca

Kamenný ruženec (Record no. 22822)

MARC details
000 -LEADER
fixed length control field 01106cam a2200373 a 4500
001 - CONTROL NUMBER
control field 22822
003 - CONTROL NUMBER IDENTIFIER
control field SK-KTurca
005 - DATE AND TIME OF LATEST TRANSACTION
control field 20260428161913.0
008 - FIXED-LENGTH DATA ELEMENTS--GENERAL INFORMATION
fixed length control field 230403s1970 xo g 000 f slo
015 ## - NATIONAL BIBLIOGRAPHY NUMBER
National bibliography number SNBA1970/09-02131
020 ## - INTERNATIONAL STANDARD BOOK NUMBER
Qualifying information (Viaz.)
035 ## - SYSTEM CONTROL NUMBER
System control number SK01SNK19700037329
035 ## - SYSTEM CONTROL NUMBER
System control number urn:nbn:sk:snk-amyg29
035 ## - SYSTEM CONTROL NUMBER
System control number urn:nbn:sk:snk-am00clzm
035 ## - SYSTEM CONTROL NUMBER
System control number 4D551331-8124-4E83-BBFF-DD09C17BD2C9
035 ## - SYSTEM CONTROL NUMBER
System control number SKM000039792
040 ## - CATALOGING SOURCE
Original cataloging agency SNK
Language of cataloging slo
Transcribing agency SNK
Description conventions AACR2
041 0# - LANGUAGE CODE
Language code of text/sound track or separate title slo
044 ## - COUNTRY OF PUBLISHING/PRODUCING ENTITY CODE
MARC country code xo
ISO country code SK
072 #7 - SUBJECT CATEGORY CODE
Subject category code 821.162.4-3
Subject category code subdivision Slovenská próza
Source konspekt
080 ## - UNIVERSAL DECIMAL CLASSIFICATION NUMBER
Universal Decimal Classification number 821.162.4-32
Edition identifier 2011
100 1# - MAIN ENTRY--PERSONAL NAME
Personal name Zelinová, Hana,
Dates associated with a name 1914-2004
Relationship aut
245 10 - TITLE STATEMENT
Title Kamenný ruženec
Statement of responsibility, etc. Hana Zelinová
250 ## - EDITION STATEMENT
Edition statement 1. vyd.
260 ## - PUBLICATION, DISTRIBUTION, ETC.
Place of publication, distribution, etc. Bratislava
Name of publisher, distributor, etc. Slovenský spisovateľ
Date of publication, distribution, etc. 1970
Place of manufacture Banská Bystrica
Manufacturer Tlačiarne SNP
300 ## - PHYSICAL DESCRIPTION
Extent 98, [3] s.
Dimensions 19 cm
490 1# - SERIES STATEMENT
Series statement Slovenská próza
563 ## - BINDING INFORMATION
Binding note 4000 výtl.
655 #7 - INDEX TERM--GENRE/FORM
Genre/form data or focus term slovenské poviedky
Source of term SNKPH
655 #7 - INDEX TERM--GENRE/FORM
Genre/form data or focus term Slovak stories
Source of term SNKPHeng
830 #0 - SERIES ADDED ENTRY--UNIFORM TITLE
Uniform title Slovenská próza
942 ## - ADDED ENTRY ELEMENTS (KOHA)
Source of classification or shelving scheme Dewey Decimal Classification
Koha item type Krásna literatúra pre dospelých
Suppress in OPAC No
Holdings
Stav vyradenia Strata Poškodenie Spôsob nadobudnutia Domovská knižnica Aktuálna knižnica Dátum nadobudnutia Total checkouts Čiarový kód exemplára Date last seen Typ exemplára
      Dar Obecná knižnica Horná Štubňa Obecná knižnica Horná Štubňa 28.04.2026   4736202283 28.04.2026 Krásna literatúra pre dospelých
Projekt je podporený Slovenskou asociáciou knižníc
Prevádzkuje Turčianska knižnica Martin 2026